000 00219 a2200097 4500
001 45612
100 _aSteers R
245 _aMotivation and work behavior
260 _aNew York
_bMcGraw-Hill
_c
090 _c28776
_d28776
942 _aNUST-CAE
_cM
_c20864
999 _c280685
_d280685